00759nam a2200217 i 450000100060000000300090000600500170001500700030003200800410003510000560007624500700013226000300020230000340023249000310026650000280029783000380032585200320036394200080039599900170040395201210042096976ES-MaACL20250801034656.0t|050705s1956 sp ||||1| spa d1 aManrique de Lara, José Gerardo,d1922-200197610410aElegías y gozos temporales / cJosé Gerardo Manrique de Lara. aMadrid : bAgora, c1956. a1 lám.(1), 75 p. ; c17 cm.1 aColección Ágora ; v12 a(1): retrato del autor.0 aColección Ágora ;v129180771 aES-MaACLjC-14310 bR.39708 2udc c96976d96976 00104070aATENEOMbATENEOMcSPALd2008-01-17eSCl0oC-14310p1101239r2023-02-23 00:00:00w2023-02-23yMONOGRAFIA